Costa Rica: tenencia y uso de la tierra

Wedi'i Gadw mewn:
Manylion Llyfryddiaeth
Awdur Corfforaethol: Grupo Centroamericano de Tenencia de la Tierra y Desarrollo Rural
Fformat: Texto
Iaith:Spanish
Cyhoeddwyd: s.n.t. :
Tagiau: Ychwanegu Tag
Dim Tagiau, Byddwch y cyntaf i dagio'r cofnod hwn!

MARC

LEADER 00000 a a2200000 04500
001 16753
003 cru CIDCACS/IIS
005 20231024115540.0
008 231019b |||||||| |||| 00| 0 spa d
040 |c cru CIDCACS/IIS 
090 |a 07.02.01 G892c 
110 |a Grupo Centroamericano de Tenencia de la Tierra y Desarrollo Rural  
245 |a Costa Rica: tenencia y uso de la tierra  
260 |a s.n.t. :  
300 |a v, 136 p.  
942 |2 z  |c LI  |h 07.02.01 G892c  |i 05784  |6 070201_G892C_05784 
999 |c 1594  |d 1594